Bunny magic! / : (Record no. 111110)
[ view plain ]
| 000 -LEADER | |
|---|---|
| fixed length control field | 00749nam a2200265 a 4500 |
| 001 - CONTROL NUMBER | |
| control field | 1059 |
| 005 - DATE AND TIME OF LATEST TRANSACTION | |
| control field | 20140414131909.0 |
| 008 - FIXED-LENGTH DATA ELEMENTS--GENERAL INFORMATION | |
| fixed length control field | 041014s19uu xx 00 eng d |
| 050 ## - LIBRARY OF CONGRESS CALL NUMBER | |
| Classification number | ER |
| Item number | B85 1994 |
| 100 ## - MAIN ENTRY--PERSONAL NAME | |
| Personal name | Connelly, Neil |
| 245 ## - TITLE STATEMENT | |
| Title | Bunny magic! / : |
| Statement of responsibility, etc | by Neil Connelly ; illustrated by Carolyn Bracken. |
| Remainder of title | Tales from the Carrot Patch / |
| 260 ## - PUBLICATION, DISTRIBUTION, ETC. (IMPRINT) | |
| Place of publication, distribution, etc | Maryland : |
| Name of publisher, distributor, etc | Ottenheimer, |
| Date of publication, distribution, etc | 1994. |
| 300 ## - PHYSICAL DESCRIPTION | |
| Extent | p. : ill. ; cm. |
| 440 ## - SERIES STATEMENT/ADDED ENTRY--TITLE | |
| Title | |
| 520 ## - SUMMARY, ETC. | |
| Summary, etc | Join them as Nibbles disappears, only to reappear as the star of the show!. |
| 650 ## - SUBJECT ADDED ENTRY--TOPICAL TERM | |
| Topical term or geographic name as entry element | Bunnies |
| General subdivision | Fiction. |
| 650 ## - SUBJECT ADDED ENTRY--TOPICAL TERM | |
| Topical term or geographic name as entry element | Magic trick |
| General subdivision | Fiction. |
| Withdrawn status | Lost status | Damaged status | Use restrictions | Home library | Current library | Shelving location | Date acquired | Source of acquisition | Total Checkouts | Full call number | Barcode | Date last seen | Price effective from | Koha item type |
|---|---|---|---|---|---|---|---|---|---|---|---|---|---|---|
| Munich Library | Munich Library | Easy Reading Section | 10/14/2004 | ER B85 1994 | M1679 | 04/14/2014 | 04/14/2014 | Books | ||||||
| Munich Library | Munich Library | Easy Reading Section | 10/06/2010 | ER B85 1994 | M1678 | 04/14/2014 | 04/14/2014 | Books | ||||||
| Munich Library | Munich Library | Easy Reading Section | 10/06/2010 | ER B85 1994 | M1682 | 04/14/2014 | 04/14/2014 | Books | ||||||
| Munich Library | Munich Library | Easy Reading Section | 10/06/2010 | ER B85 1994 | M1681 | 04/14/2014 | 04/14/2014 | Books | ||||||
| Munich Library | Munich Library | Easy Reading Section | 10/11/2010 | ER B85 1994 | M1762 | 04/14/2014 | 04/14/2014 | Books | ||||||
| Munich Library | Munich Library | Easy Reading Section | 10/11/2010 | ER B85 1994 | M1761 | 04/14/2014 | 04/14/2014 | Books | ||||||
| Munich Library | Munich Library | Easy Reading Section | 03/09/2011 | ER B85 1994 | M1573 | 04/14/2014 | 04/14/2014 | Books |